Cryptography and network security / (Record no. 89756)

MARC details
000 -LEADER
fixed length control field 00582nam a22001937a 4500
005 - DATE AND TIME OF LATEST TRANSACTION
control field 20141105122507.0
010 ## - LCCN (DPL NO)
LC control number ENG-111101
020 ## - INTERNATIONAL STANDARD BOOK NUMBER
Terms of availability 450.00
International Standard Book Number 9788120350458
035 ## - SYSTEM CONTROL NUMBER
System control number EN-94633
037 ## - SOURCE OF ACQUISITION
Source of stock number/acquisition DBAD/PUB
082 ## - DEWEY DECIMAL CLASSIFICATION NUMBER
Classification number 005.8
100 ## - MAIN ENTRY--PERSONAL NAME
Personal name Gupta, Prakash C.
245 ## - TITLE STATEMENT
Title Cryptography and network security /
Statement of responsibility, etc by Prakash C. Gupta
260 ## - PUBLICATION, DISTRIBUTION, ETC. (IMPRINT)
Place of publication, distribution, etc Delhi
Name of publisher, distributor, etc PHI Learning
Date of publication, distribution, etc 2015
270 ## - ADDRESS
City Delhi
Postal code 110092
Address Rimjhim House, 111, Patparganj Industrial Estate
300 ## - PHYSICAL DESCRIPTION
Extent xx,456p. :
Dimensions 24cm(pbk)
Other physical details ill.
500 ## - GENERAL NOTE
General note Includes index
942 ## - ADDED ENTRY ELEMENTS (KOHA)
Source of classification or shelving scheme Dewey Decimal Classification
Item type English Books
Call number suffix GUP
Classification part 005.8
Holdings
Withdrawn status Lost status Not for loan Collection code Home library Current library Date acquired Source of acquisition Cost, normal purchase price Full call number Barcode Copy number Cost, replacement price Koha item type
    Not For Loan Non-fiction D.B.Act.Division D.B.Act.Division 03/11/2014 DBAD/PUB 450.00 005.8 GUP EN-94633 1 450.00 English Books

© Delhi Public Library
Hit Counter
free hit counter